000 00706nam a2200277Ia 4500
003 OSt
005 20220912151152.0
006 a|||||r|||| 00| 0
007 ta
008 220909b |||||||| |||| 00| 0 eng d
024 _a51961
037 _cTextual
040 _aCSL
_beng
_cCSL
041 _aeng
082 _aJ:4, M6
100 _aGupta B M Ed.
245 0 _aPerspectives in plant virology
260 _aLucknow
_bPrint House
_c1986
300 _aviii, 319p.
_ccm.
650 _a Plant disease
650 _aAgriculture
700 _a Singh B P
700 _a Verma H N
942 _hJ:4, M6
_cTEXL
_2CC
999 _c62650
_d62650